BSOP header

The founding of Christendom / (Record no. 37145)

MARC details
000 -LEADER
fixed length control field 00841cam a2200253Ia 4500
001 - CONTROL NUMBER
control field 252240
005 - DATE AND TIME OF LATEST TRANSACTION
control field 20140520110358.0
008 - FIXED-LENGTH DATA ELEMENTS--GENERAL INFORMATION
fixed length control field 850417s1985 vau b 001 0 eng d
020 ## - INTERNATIONAL STANDARD BOOK NUMBER
International Standard Book Number 9780931888182
020 ## - INTERNATIONAL STANDARD BOOK NUMBER
International Standard Book Number 0931888182
100 1# - MAIN ENTRY--PERSONAL NAME
Personal name Carroll, Warren Hasty.
245 14 - TITLE STATEMENT
Title The founding of Christendom /
Statement of responsibility, etc Warren H. Carroll.
260 ## - PUBLICATION, DISTRIBUTION, ETC. (IMPRINT)
Place of publication, distribution, etc Front Royal, Va. :
Name of publisher, distributor, etc Christendom College Press,
Date of publication, distribution, etc 1985.
300 ## - PHYSICAL DESCRIPTION
Extent 605 p. ;
Dimensions 24 cm.
490 1# - SERIES STATEMENT
Series statement A history of Christendom / Warren H. Carroll ;
Volume number/sequential designation 1
500 ## - GENERAL NOTE
General note Includes index.
504 ## - BIBLIOGRAPHY, ETC. NOTE
Bibliography, etc Includes bibliographical references (p. 550-574).
650 #0 - SUBJECT ADDED ENTRY--TOPICAL TERM
Topical term or geographic name as entry element Church history
Chronological subdivision Early church, ca. 30-600.
650 #0 - SUBJECT ADDED ENTRY--TOPICAL TERM
Topical term or geographic name as entry element World history.
650 #0 - SUBJECT ADDED ENTRY--TOPICAL TERM
Topical term or geographic name as entry element History, Ancient.
740 0# - ADDED ENTRY--UNCONTROLLED RELATED/ANALYTICAL TITLE
Uncontrolled related/analytical title History of Christendom.
800 1# - SERIES ADDED ENTRY--PERSONAL NAME
Personal name Carroll, Warren Hasty.
Title of a work History of Christendom ;
Volume/sequential designation 1.
942 ## - ADDED ENTRY ELEMENTS (KOHA)
Source of classification or shelving scheme Library of Congress Classification
Item type Books
Holdings
Withdrawn status Lost status Source of classification or shelving scheme Damaged status Not for loan Home library Current library Shelving location Date acquired Source of acquisition Cost, normal purchase price Serial Enumeration / chronology Accession number Total Checkouts Full call number Barcode Date last seen Price effective from Koha item type
    Library of Congress Classification     BSOP Library BSOP Library GC 11/18/2013 Amazon 711.48 v. I 36244   BR252 C23 00043144 11/18/2013 11/18/2013 Books
BSOP

Biblical Seminary of the Philippines
  All rights Reserved
  © 2024

CONTACT INFORMATION

Biblical Seminary of the Philippines,
  77-B Karuhatan Road, Valenzuela City,
  PHILIPPINES 1441
  Phone: +632 8292-6795 / 8292-6798
  Fax : +632 8292-6675
  Email: library@bsop.edu.ph